<?xml version="1.0" encoding="UTF-8"?>
<collection xmlns="http://www.loc.gov/MARC21/slim">
<record>
  <controlfield tag="001">131985</controlfield>
  <controlfield tag="005">20240308105336.0</controlfield>
  <datafield tag="024" ind1="7" ind2=" ">
    <subfield code="2">doi</subfield>
    <subfield code="a">10.26754/CINAIC.2023.0076</subfield>
  </datafield>
  <datafield tag="037" ind1=" " ind2=" ">
    <subfield code="a">COMPON-2023-CINAIC-0076</subfield>
  </datafield>
  <datafield tag="041" ind1=" " ind2=" ">
    <subfield code="a"></subfield>
  </datafield>
  <datafield tag="100" ind1=" " ind2=" ">
    <subfield code="a">Ruiz-Rojas,  Lena Ivannova</subfield>
    <subfield code="u">Universidad de las Fuerzas Armadas, Ecuador</subfield>
  </datafield>
  <datafield tag="245" ind1=" " ind2=" ">
    <subfield code="a">El Derecho Digital como soporte de las herramientas de  Inteligencia Artificial Generativa en la educación</subfield>
  </datafield>
  <datafield tag="260" ind1=" " ind2=" ">
    <subfield code="a">Zaragoza</subfield>
    <subfield code="b">Universidad de Zaragoza, Servicio de Publicaciones</subfield>
    <subfield code="c">2023</subfield>
  </datafield>
  <datafield tag="300" ind1=" " ind2=" ">
    <subfield code="e"></subfield>
  </datafield>
  <datafield tag="520" ind1="3" ind2=" ">
    <subfield code="a">Este estudio analiza la evolución de la educación en la era digital y destaca el papel relevante de las herramientas de Inteligencia Artificial Generativa en la mejora del aprendizaje. Sin embargo, su crecimiento plantea retos legales y éticos, especialmente en la protección de los derechos digitales y la propiedad intelectual. El objetivo es establecer un marco legal sólido y ético en Derecho Digital para regular el desarrollo y uso de estas herramientas en la educación. Se realizaron entrevistas a expertos en derecho digital para obtener información valiosa. Los resultados de la metodología cualitativa revelaron datos detallados sobre la normativa, los retos y las mejores prácticas en la intersección entre la educación y la Inteligencia Artificial Generativa. Este estudio aporta ideas fundamentadas para impulsar la innovación y el uso responsable de estas tecnologías en la educación, protegiendo la privacidad y los derechos de autor de los usuarios implicados en este apasionante cambio educativo.</subfield>
  </datafield>
  <datafield tag="506" ind1=" " ind2=" ">
    <subfield code="a">Access copy available to the general public</subfield>
    <subfield code="f">Unrestricted</subfield>
  </datafield>
  <datafield tag="540" ind1=" " ind2=" ">
    <subfield code="9">info:eu-repo/semantics/openAccess</subfield>
    <subfield code="a">by-nc-nd</subfield>
    <subfield code="u">http://creativecommons.org/licenses/by-nc-nd/3.0/es/</subfield>
  </datafield>
  <datafield tag="653" ind1="1" ind2=" ">
    <subfield code="a">Propiedad Intelectual, Herramientas Inteligencia Artificial Generativa, Protección Datos Personales, Educación.  </subfield>
  </datafield>
  <datafield tag="653" ind1="1" ind2=" ">
    <subfield code="a">Intellectual Property, Generative Artificial Intelligence Tools, Personal Data Protection, Education.  </subfield>
  </datafield>
  <datafield tag="655" ind1=" " ind2="4">
    <subfield code="a">Comunicación</subfield>
  </datafield>
  <datafield tag="700" ind1=" " ind2=" ">
    <subfield code="a">De-Moreta-Llovet,  Javier</subfield>
    <subfield code="u">Universidad Complutense de Madrid, España</subfield>
  </datafield>
  <datafield tag="700" ind1=" " ind2=" ">
    <subfield code="a">Acosta-Vargas,  Patricia</subfield>
    <subfield code="u">Universidad de las Américas, Ecuador</subfield>
  </datafield>
  <datafield tag="700" ind1=" " ind2=" ">
    <subfield code="a">Gonzalez-Rodriguez,  Mario</subfield>
    <subfield code="u">Universidad de las Américas, Ecuador</subfield>
  </datafield>
  <datafield tag="773" ind1=" " ind2=" ">
    <subfield code="d">Zaragoza</subfield>
    <subfield code="g">Actas del VII Congreso Internacional sobre Aprendizaje, Innovación y Cooperación, CINAIC 2023 (18-20 de Octubre de 2023, Madrid, España)



</subfield>
  </datafield>
  <datafield tag="856" ind1="4" ind2=" ">
    <subfield code="s">841506</subfield>
    <subfield code="u">http://zaguan.unizar.es/record/131985/files/076.pdf</subfield>
  </datafield>
  <datafield tag="909" ind1="C" ind2="O">
    <subfield code="o">oai:zaguan.unizar.es:131985</subfield>
    <subfield code="p">comunicaciones-ponencias</subfield>
  </datafield>
  <datafield tag="970" ind1=" " ind2=" ">
    <subfield code="a">COMPON-2023-CINAIC-0076</subfield>
  </datafield>
  <datafield tag="980" ind1=" " ind2=" ">
    <subfield code="a">COMPON</subfield>
  </datafield>
</record>
</collection>